000 00285nam a22001337a 4500
008 170807b xxu||||| |||| 00| 0 eng d
020 _a9780071613743
041 _aeng
080 _a004
100 _a34
101 _aSHK
245 _aHACKING EXPOSED
_cCLURE,S..M
942 _2udc
_cBK
999 _c22813
_d22813